Best Soccer Teams - Statistics

General Stats
  • This quiz has been taken 130 times
  • The average score is 15 of 20
Answer Stats
Rank Country Team % Correct
1 England Manchester City
100%
15 Spain Atlético Madrid
98%
2 Spain Real Madrid
98%
8 Germany Bayern Munich
95%
9 Spain FC Barcelona
95%
3 Italy Inter Milan
95%
17 Italy AC Milan
91%
6 England Liverpool FC
91%
7 Germany Borussia Dortmund
88%
5 England Arsenal
86%
13 France Paris Saint-Germain
82%
11 Portugal Sporting CP
76%
4 Germany Bayer Leverkusen
75%
18 Portugal FC Porto
75%
16 Netherlands PSV Eindhoven
61%
10 Germany RB Leipzig
48%
12 Italy Atalanta BC
37%
14 Germany VfB Stuttgart
37%
19 Spain Girona FC
36%
20 Italy Bologna FC
27%
No matching quizzes found
Score Distribution
Percent of People with Each Score
Percentile by Number Answered
Your Score History
You have not taken this quiz